LEADER 00602naa a2200145 i 4500 001 000000303683 003 CaOOAMICUS 005 20180831172804.0 008 180831n xx u000 u und u 013 $a11463 040 $aSeMil$bita 100 1 $aOttolini, Enzo Valentino.$0(OLS)http://semarc/name/9596 245 13$aIl problema della spiritualitą del cristiano. 773 0 $tSpiritualitą del cristiano come problema pastorale.$dCasale Monferrato (AL) : Piemme, 1991.$kQuaderni di studi e memorie$z88-384-1688-5$w()39622 996 $6245$aIl problema della spiritualitą del cristiano$9(OLS)http://semarc/title/379641 LEADER 01182nam a2200277 i 4500 001 000000076454 003 CaOOAMICUS 005 20260309104843.0 008 010309s2000 it u000 u eng u 013 $a47626 020 $a88-7653-145-9 040 $aSeMil$bita 100 1 $aNorth, Robert .$0(OLS)http://semarc/name/90933 245 14$aThe Biblical Jubilee :$b... after fifty years /$cRobert North. 260 $aRoma :$bPontificio Istituto Biblico,$c2000. 300 $a167 p. ;$c24 cm. 490 0 $aAnalecta Biblica : investigationes scientificae in res biblicas ;$v145 650 4$aGiubilei - Origini.$0(OLS)http://semarc/subject/21409 830 0$aAnalecta biblica ;$v145.$0(OLS)http://semarc/title/6 850 $aSeMil 852 $aSeMil$W1$xVenegono$y1$m2HA G 145$j268125$B42606$CSeMilBibl$Z2$F42610 $81 961 $aSottoscrizione: Pontificio Istituto Biblico 996 $6020$a88-7653-145-9$9(OLS)http://semarc/number/57323 996 $6245$aThe Biblical Jubilee :$b... after fifty years$9(OLS)http://semarc/title/123934 996 $6260$aRoma :$bPontificio Istituto Biblico$9(OLS)http://semarc/publisher/30489